IX Certamen de Relato Corto "Ayuntamiento de Coslada" (Record no. 177446)

MARC details
000 -LEADER
campo de control de longitud fija 00853nam a2200205 i 4500
001 - NÚMERO DE CONTROL
campo de control 177446
003 - IDENTIFICADOR DE NÚMERO DE CONTROL
campo de control ES-MaACL
005 - FECHA Y HORA DE LA ÚLTIMA TRANSACCIÓN
campo de control 20230906220330.0
008 - DATOS DE LONGITUD FIJA--INFORMACIÓN GENERAL
campo de control de longitud fija 110323s2010 sp |||| | spa d
080 ## - NÚMERO DE LA CLASIFICACIÓN DECIMAL UNIVERSAL
Número de la Clasificación Decimal Universal 821.134.2"19"(082.2)
245 00 - MENCIÓN DEL TÍTULO
Título IX Certamen de Relato Corto "Ayuntamiento de Coslada"
Resto del título . XXVII Certamen de poesía "La Bufanda". VII Certamen de Escritura Rápida "Ayuntamiento de Coslada".
260 ## - PUBLICACIÓN, DISTRIBUCIÓN, ETC.
Lugar de publicación, distribución, etc. Coslada [Madrid] :
Nombre del editor, distribuidor, etc. Ayuntamiento de Coslada, Concejalía de Cultura,
Fecha de publicación, distribución, etc. 2010.
300 ## - DESCRIPCIÓN FÍSICA
Extensión 95 p. ;
Dimensiones 21 cm.
650 #4 - PUNTO DE ACCESO ADICIONAL DE MATERIA--TÉRMINO DE MATERIA
Término de materia o nombre geográfico como elemento de entrada Literatura española-
Subdivisión cronológica S.XX.
9 (RLIN) 148763
650 #4 - PUNTO DE ACCESO ADICIONAL DE MATERIA--TÉRMINO DE MATERIA
Término de materia o nombre geográfico como elemento de entrada Poesías españolas-
Subdivisión cronológica S.XX.
9 (RLIN) 16221
710 2# - ENTRADA AGREGADA--NOMBRE DE ENTIDAD CORPORATIVA
Nombre de entidad corporativa o nombre de jurisdicción como elemento de entrada Coslada.
Unidad subordinada Ayuntamiento.
9 (RLIN) 137527
730 0# - ASIENTO SECUNDARIO--TITULO UNIFORME
Título uniforme XXVII Certamen de Poesía "La Bufanda"
9 (RLIN) 145838
730 0# - ASIENTO SECUNDARIO--TITULO UNIFORME
Título uniforme VII Certamen de Escritura Rápida "Ayuntamiento de Coslada"
9 (RLIN) 145839
852 ## - LOCALIZACIÓN
Ubicación ES-MaACL
Número de control de estantería 2305-F-16
Holdings
Estatus retirado Estado de pérdida Estado de daño No para préstamo Colección Biblioteca de origen Biblioteca actual Ubicación en estantería Fecha de adquisición Fuente de adquisición Total de préstamos Signatura topográfica completa Código de barras Visto por última vez Precio de reemplazo Tipo de ítem Koha
        Colección de folletos Biblioteca del Ateneo de Madrid Biblioteca del Ateneo de Madrid Depósito folletos 23/03/2011     2305-F-16 1186370 23/02/2023 23/02/2023 Folleto